00500nam a22001337a 4500020001600000082000800016100003900024245012300063260003800186300002600224650004100250700001800291856005700309 qHard Cover. a004 aDaniyal Ahmad Aftab ; Usman Haider aAn Artificially Intelligent Chat Bot Designed Using Cognitive-Behavioral Therapy /cDaniyal Ahmad Aftab ; Usman Haider aIslamabad :bSEECS - NUST,c2019. a41 p. : ill. ;c30cm. aSoftware Engineering-Project Report. aAhman Salman. uhttp://10.250.8.41:8080/xmlui/handle/123456789/29516